[Event "Velka cena Tabora"]
[Site "?"]
[Date "2018.07.29"]
[Round "1.1"]
[White "Mosnicka, Jan"]
[Black "Dolezal, Radoslav"]
[Result "0-1"]
[WhiteElo "1836"]
[BlackElo "2368"]
[PlyCount "72"]
[EventDate "2018.??.??"]

1. e4 c6 2. d4 d5 3. exd5 cxd5 4. c4 Nf6 5. Nc3 e6 6. Nf3 Be7 7. c5 b6 8. Bb5+
Bd7 9. Bxd7+ Nfxd7 10. b4 a5 11. Qa4 O-O 12. O-O Qc7 13. Be3 Qb7 14. a3 axb4
15. Qxb4 Qc6 16. Rfc1 Rc8 17. Qb5 bxc5 18. Qxc6 Rxc6 19. dxc5 Nxc5 20. Ne5 Rc8
21. Nb5 Nba6 22. Rc3 f6 23. Nf3 e5 24. Bxc5 Rxc5 25. Rxc5 Bxc5 26. Rc1 Kf8 27.
Kf1 Ke7 28. Nd2 Kd7 29. Nb3 Rc8 30. Ke2 Be7 31. Rxc8 Kxc8 32. Kd3 Kb7 33. a4
Bb4 34. Nc3 Kc6 35. f3 Bxc3 36. Kxc3 Nc5 0-1

[Event "Velka cena Tabora"]
[Site "?"]
[Date "2018.07.29"]
[Round "1.2"]
[White "Heinzel, Olaf"]
[Black "Flajsman, Pavel"]
[Result "1-0"]
[WhiteElo "2354"]
[BlackElo "1828"]
[PlyCount "115"]
[EventDate "2018.??.??"]

1. d4 Nf6 2. Bf4 d5 3. e3 c5 4. Nc3 Nc6 5. Nb5 e5 6. dxe5 a6 7. Nc3 d4 8. exf6
dxc3 9. Qxd8+ Kxd8 10. bxc3 gxf6 11. Bd3 Be6 12. Ne2 Ne5 13. Bg3 Bd6 14. Be4 f5
15. Bxb7 Rb8 16. O-O-O Ke7 17. Rxd6 Kxd6 18. Rd1+ Kc7 19. Bxe5+ Kxb7 20. Bxh8
Rxh8 21. a3 Kc6 22. Nf4 Bc4 23. f3 Re8 24. Re1 Kb5 25. Nd3 Bd5 26. Kd2 Rg8 27.
Rb1+ Kc6 28. Nf4 h5 29. h4 f6 30. a4 a5 31. Rb5 Bc4 32. Rb1 Bd5 33. Ke1 Bxf3
34. Rb5 Bxg2 35. Rxa5 Kb6 36. Rb5+ Kc6 37. Nd3 Rg4 38. Rxc5+ Kd6 39. Rxf5 Rxh4
40. Rxf6+ Kc7 41. a5 Ra4 42. a6 Bc6 43. Nb4 Bg2 44. Kf2 Be4 45. Rf4 Bxc2 46.
Nxc2 Ra2 47. Ke2 Rxc2+ 48. Kd3 Rh2 49. Rf7+ Kb8 50. Rh7 h4 51. c4 h3 52. c5 Rh1
53. c6 h2 54. c7+ Kc8 55. a7 Ra1 56. Rxh2 Rxa7 57. Rh8+ Kxc7 58. Rh7+ 1-0

[Event "Velka cena Tabora"]
[Site "?"]
[Date "2018.07.29"]
[Round "1.3"]
[White "Toman, Antonin"]
[Black "Pribyl, Josef"]
[Result "0-1"]
[WhiteElo "1818"]
[BlackElo "2263"]
[PlyCount "94"]
[EventDate "2018.??.??"]

1. e4 g6 2. d4 Bg7 3. Nc3 d6 4. f4 a6 5. Nf3 b5 6. a3 Bb7 7. Bd3 Nd7 8. O-O e6
9. Be3 Ngf6 10. h3 O-O 11. Qd2 c5 12. dxc5 dxc5 13. e5 Nd5 14. Nxd5 Bxd5 15.
Rac1 c4 16. Be2 Qc7 17. Rfd1 Rfd8 18. Qe1 f6 19. exf6 Bxf6 20. c3 Nc5 21. Bxc5
Qxc5+ 22. Qf2 Qc7 23. Qe3 Rf8 24. Rf1 Be7 25. Nd4 Bc5 26. Rce1 Rad8 27. Bg4 Rf6
28. Qe5 Qf7 29. g3 h6 30. h4 Kh7 31. Kh2 Bd6 32. Qe2 Re8 33. f5 gxf5 34. Nxf5
exf5 35. Qxe8 fxg4 36. Qxf7+ Rxf7 37. Rxf7+ Bxf7 38. Rd1 Bc5 39. Rd7 Kg7 40.
Rd2 Be6 41. Kg2 Kf6 42. Kf1 Ke7 43. Ke2 Bf5 44. Rd5 Bd3+ 45. Ke1 Bd6 46. Kf2
Ke6 47. Rh5 Bf8 0-1

[Event "Velka cena Tabora"]
[Site "?"]
[Date "2018.07.29"]
[Round "1.4"]
[White "Borkovec, Milan"]
[Black "Slajs, Vlastimil"]
[Result "1/2-1/2"]
[WhiteElo "2202"]
[BlackElo "1805"]
[PlyCount "50"]
[EventDate "2018.??.??"]

1. e4 e5 2. Nf3 Nc6 3. d4 exd4 4. Bc4 Nf6 5. e5 d5 6. Bb5 Ne4 7. Nxd4 Bd7 8.
Bxc6 bxc6 9. O-O Bc5 10. f3 Ng5 11. f4 Ne4 12. Be3 O-O 13. Nd2 Nxd2 14. Qxd2
Qe7 15. Nb3 Bxe3+ 16. Qxe3 f6 17. Rae1 fxe5 18. fxe5 Rxf1+ 19. Rxf1 a5 20. Nc5
Rb8 21. Nxd7 Qxd7 22. e6 Qd6 23. Rf7 Rf8 24. e7 Kxf7 25. exf8=Q+ Kxf8 1/2-1/2

[Event "Velka cena Tabora"]
[Site "?"]
[Date "2018.07.29"]
[Round "1.5"]
[White "Habada, Jindrich"]
[Black "Volodin, Viktor"]
[Result "0-1"]
[WhiteElo "1803"]
[BlackElo "2188"]
[PlyCount "129"]
[EventDate "2018.??.??"]

1. e4 c5 2. Nc3 Nc6 3. Nge2 e5 4. g3 g6 5. Bg2 Bg7 6. d3 Nge7 7. O-O O-O 8. Bg5
h6 9. Be3 d6 10. f4 Be6 11. Qd2 Kh7 12. Nd5 Bxd5 13. exd5 Nd4 14. c3 Nxe2+ 15.
Qxe2 Rc8 16. f5 Nxf5 17. Rxf5 gxf5 18. Qh5 Qf6 19. Bh3 f4 20. Bf5+ Kh8 21. gxf4
Rce8 22. Rf1 exf4 23. Bxf4 Re5 24. Bxe5 Qxe5 25. Qh3 Rg8 26. Be4 Qg5+ 27. Kh1
Be5 28. Qf5 Qxf5 29. Bxf5 Rb8 30. Rf2 b5 31. Kg2 a5 32. Kf3 a4 33. Ke3 Re8 34.
Kd2 Kg7 35. h3 Re7 36. Kc2 h5 37. Bc8 Re8 38. Bd7 Rb8 39. Bc6 h4 40. Rf1 Kg8
41. Bd7 f6 42. a3 Bg3 43. Kd2 Kf7 44. Ke3 Ke7 45. Bc6 Kf7 46. Ke4 b4 47. Bxa4
bxc3 48. bxc3 Ra8 49. Bd7 Rxa3 50. Be6+ Kg7 51. c4 Ra2 52. d4 Ra4 53. Kd3 Ra3+
54. Ke4 cxd4 55. Kxd4 Be5+ 56. Ke4 Rc3 57. Rg1+ Kh6 58. Rg4 Rxh3 59. Kf5 Rh1
60. Rg8 Rf1+ 61. Kg4 Kh7 62. Rc8 Kg6 63. Rg8+ Kh6 64. Kxh4 f5 65. Rh8+ 0-1

[Event "Velka cena Tabora"]
[Site "?"]
[Date "2018.07.29"]
[Round "1.6"]
[White "Zeman, Matyas"]
[Black "Valtr, Filip"]
[Result "1-0"]
[WhiteElo "2181"]
[BlackElo "1800"]
[PlyCount "94"]
[EventDate "2018.??.??"]

1. e4 e6 2. d4 d5 3. Nc3 dxe4 4. Nxe4 Nf6 5. Nxf6+ Qxf6 6. Nf3 h6 7. Bd3 Bd6 8.
Qe2 Nc6 9. Be3 Bd7 10. O-O-O Nb4 11. Bc4 O-O 12. Ne5 Ba4 13. b3 Bxe5 14. dxe5
Qxe5 15. Bd4 Qxe2 16. Bxe2 Bc6 17. Bc5 Nd5 18. Bxf8 Kxf8 19. Bf3 Nc3 20. Rd3
Nxa2+ 21. Kb2 Nb4 22. Rc3 Nd5 23. Bxd5 Bxd5 24. Rxc7 Bxg2 25. Rd1 Bc6 26. b4 a6
27. c4 Rb8 28. Kc3 Ke8 29. f4 g6 30. h4 h5 31. Rd6 Kf8 32. Kd4 Be8 33. Rb6 Rd8+
34. Ke5 Bc6 35. Kf6 Kg8 36. b5 axb5 37. cxb5 Bf3 38. Rxf7 Rd4 39. Kxg6 Be4+ 40.
Kf6 Bd5 41. Ke7 Rc4 42. Rf8+ Kg7 43. f5 Rxh4 44. Rf7+ Kh6 45. fxe6 Re4 46. Kf8
Rxe6 47. Rxe6+ Bxe6 1-0

[Event "Velka cena Tabora"]
[Site "?"]
[Date "2018.07.29"]
[Round "1.7"]
[White "Straka, Zdenek"]
[Black "Nehyba, Martin"]
[Result "0-1"]
[WhiteElo "1776"]
[BlackElo "2163"]
[PlyCount "31"]
[EventDate "2018.??.??"]

1. e4 c5 2. Nc3 e6 3. d4 cxd4 4. Qxd4 Nc6 5. Qd2 Nf6 6. Bc4 Bb4 7. f3 d5 8.
exd5 exd5 9. Qe2+ Be6 10. Bb5 d4 11. a3 Qa5 12. axb4 Qxa1 13. Na4 Qxc1+ 14. Kf2
Qe3+ 15. Qxe3 dxe3+ 16. Kxe3 0-1

[Event "Velka cena Tabora"]
[Site "?"]
[Date "2018.07.29"]
[Round "1.8"]
[White "Chval, Zdenek"]
[Black "Nechutny, Michal"]
[Result "1-0"]
[WhiteElo "2138"]
[BlackElo "1746"]
[PlyCount "37"]
[EventDate "2018.??.??"]

1. e4 c5 2. Nf3 Nc6 3. Bb5 d6 4. O-O g6 5. c3 Bg7 6. d4 cxd4 7. cxd4 Bd7 8. h3
Qb6 9. Nc3 a6 10. Ba4 e6 11. d5 Nb8 12. e5 dxe5 13. Be3 Qd6 14. dxe6 Qxe6 15.
Ng5 Qe7 16. Nd5 Bxa4 17. Qxa4+ b5 18. Qc2 Qb7 19. Nc7+ 1-0

[Event "Velka cena Tabora"]
[Site "?"]
[Date "2018.07.29"]
[Round "1.9"]
[White "Sedivy, Karel"]
[Black "Lys, Josef"]
[Result "1-0"]
[WhiteElo "1741"]
[BlackElo "2118"]
[PlyCount "65"]
[EventDate "2018.??.??"]

1. d4 Nf6 2. c4 c5 3. d5 b5 4. cxb5 a6 5. bxa6 Bxa6 6. f3 g6 7. Nc3 d6 8. e4
Bxf1 9. Kxf1 Bg7 10. Be3 Qb6 11. Qd2 Nbd7 12. Nge2 Ne5 13. b3 O-O 14. Kf2 Rfb8
15. h3 Qa6 16. Rhd1 c4 17. Nd4 Rb7 18. f4 Nd3+ 19. Kf3 Nc5 20. Rab1 cxb3 21.
axb3 Rb4 22. Ra1 Qb7 23. Rxa8+ Qxa8 24. Ncb5 Rxd4 25. Nxd4 Nfxe4 26. Qc2 Qxd5
27. Ke2 e5 28. Nf5 Nc3+ 29. Qxc3 Qxg2+ 30. Bf2 Qe4+ 31. Kf1 gxf5 32. Bxc5 dxc5
33. Rd8+ 1-0

[Event "Velka cena Tabora"]
[Site "?"]
[Date "2018.07.29"]
[Round "1.10"]
[White "den Boer, Lennard"]
[Black "Kuta, Miroslav"]
[Result "1-0"]
[WhiteElo "2112"]
[BlackElo "1725"]
[PlyCount "57"]
[EventDate "2018.??.??"]

1. e4 c6 2. Nc3 d5 3. Nf3 dxe4 4. Nxe4 Bf5 5. Ng3 Bg6 6. h4 h6 7. Ne5 Qd6 8. d4
Nd7 9. Nxg6 Qxg6 10. Bf4 Qe6+ 11. Be2 Ngf6 12. c4 Nb6 13. Qc2 Qd7 14. O-O-O e6
15. Ne4 Nxe4 16. Qxe4 Rc8 17. g4 g6 18. Be5 Rg8 19. h5 f5 20. Qe3 fxg4 21. hxg6
Rxg6 22. Qe4 Rg8 23. Bxg4 Nxc4 24. Bf6 Nd6 25. Bh5+ Nf7 26. Rhe1 Rc7 27. Qxe6+
Qxe6 28. Rxe6+ Be7 29. Rde1 1-0

[Event "Velka cena Tabora"]
[Site "?"]
[Date "2018.07.30"]
[Round "2.1"]
[White "Dolezal, Radoslav"]
[Black "Svetly, Jiri"]
[Result "1-0"]
[WhiteElo "2368"]
[BlackElo "1985"]
[PlyCount "101"]
[EventDate "2018.??.??"]

1. d4 Nf6 2. c4 g6 3. g3 Bg7 4. Bg2 d6 5. Nc3 O-O 6. e4 c6 7. Nge2 e5 8. O-O a6
9. d5 cxd5 10. cxd5 b5 11. b4 Nbd7 12. a4 bxa4 13. Nxa4 Nb6 14. Nec3 Bd7 15.
Nb2 Qc8 16. Qd3 Bh3 17. Be3 Bxg2 18. Kxg2 Nfd7 19. Ra5 f5 20. f3 f4 21. Bf2
fxg3 22. hxg3 Qb7 23. Rfa1 Rfc8 24. Ncd1 Nb8 25. b5 Ra7 26. bxa6 Qc7 27. R1a3
N8d7 28. Nc3 Raa8 29. Be3 Bf6 30. Kf1 Bd8 31. Rb5 Kf8 32. Ke2 Ke8 33. Kd1 Nc4
34. Nxc4 Qxc4 35. Qxc4 Rxc4 36. Na2 Nc5 37. Bxc5 Rxc5 38. Rxc5 dxc5 39. Nc3 Kd7
40. Kc2 c4 41. Nb5 Bb6 42. a7 Kc8 43. Nd6+ Kc7 44. Nxc4 Bd4 45. Kd3 g5 46. g4
Kb7 47. Nd6+ Kb6 48. Nf7 Bc5 49. Ra2 Kb7 50. Nxe5 Bxa7 51. Nc6 1-0

[Event "Velka cena Tabora"]
[Site "?"]
[Date "2018.07.30"]
[Round "2.2"]
[White "Bartos, Alois"]
[Black "Heinzel, Olaf"]
[Result "1/2-1/2"]
[WhiteElo "1971"]
[BlackElo "2354"]
[PlyCount "39"]
[EventDate "2018.??.??"]

1. e4 d5 2. exd5 Qxd5 3. Nc3 Qa5 4. Nf3 Nf6 5. h3 Bf5 6. d3 c6 7. g4 Bg6 8. Bg2
e6 9. Bd2 Qc7 10. Qe2 Nbd7 11. Nh4 Be7 12. Nxg6 hxg6 13. O-O-O Nb6 14. f4 O-O-O
15. Qf2 Nfd5 16. Ne4 Bh4 17. Qf3 Na4 18. d4 Nf6 19. Nxf6 Bxf6 20. c3 1/2-1/2

[Event "Velka cena Tabora"]
[Site "?"]
[Date "2018.07.30"]
[Round "2.3"]
[White "Pribyl, Josef"]
[Black "Cieslak, Leszek"]
[Result "1-0"]
[WhiteElo "2263"]
[BlackElo "1926"]
[PlyCount "87"]
[EventDate "2018.??.??"]

1. c4 c5 2. Nf3 b6 3. g3 Bb7 4. Bg2 Nf6 5. Nc3 e6 6. O-O Be7 7. b3 O-O 8. Bb2
d6 9. d4 cxd4 10. Qxd4 Nbd7 11. Rfd1 a6 12. Rac1 Qc7 13. h3 Rfd8 14. e4 Rac8
15. Qe3 Qb8 16. Nd4 Qa8 17. f4 Nc5 18. Re1 Bf8 19. Rcd1 d5 20. cxd5 exd5 21. e5
Nfe4 22. Nce2 b5 23. Kh2 Re8 24. Rf1 f6 25. Nf5 Rcd8 26. Qf3 Qc8 27. g4 d4 28.
Bxd4 Nd2 29. Qg3 Nxf1+ 30. Rxf1 fxe5 31. fxe5 Bxg2 32. Qxg2 Qb7 33. Qf2 Nd3 34.
Qe3 Nb4 35. Qg5 Kh8 36. e6 Qc7+ 37. Kg2 Rxe6 38. Nf4 Re4 39. Qh5 Re2+ 40. Kf3
Rxd4 41. Nxd4 Rxa2 42. Ke4 Qb7+ 43. Ke3 Nd5+ 44. Qxd5 1-0

[Event "Velka cena Tabora"]
[Site "?"]
[Date "2018.07.30"]
[Round "2.4"]
[White "Volodin, Viktor"]
[Black "Matejka, Radek"]
[Result "1-0"]
[WhiteElo "2188"]
[BlackElo "1923"]
[PlyCount "94"]
[EventDate "2018.??.??"]

1. Nf3 g6 2. c4 c5 3. d4 cxd4 4. Nxd4 Bg7 5. e4 Nc6 6. Be3 Nf6 7. Nc3 d6 8. Be2
O-O 9. O-O Nxd4 10. Bxd4 Be6 11. Rc1 Ne8 12. Be3 Nf6 13. f3 b6 14. Qd2 Rc8 15.
Rfe1 Re8 16. b3 Qd7 17. Bf1 h5 18. Qf2 Kh7 19. c5 bxc5 20. Bb5 Qb7 21. Bxe8
Nxe8 22. Red1 Nc7 23. Qd2 Nb5 24. Ne2 f5 25. exf5 Bxf5 26. Ng3 Nd4 27. b4 h4
28. Nxf5 Nxf5 29. bxc5 dxc5 30. Rb1 Qc6 31. Bf2 h3 32. Qd7 hxg2 33. Qxc6 Rxc6
34. Rbc1 c4 35. Rc2 a6 36. Kxg2 Bf8 37. Rd5 Kg7 38. Rc5 Rxc5 39. Bxc5 c3 40.
Kf2 Kf6 41. Ke2 Ke6 42. Kd3 Kd5 43. Bb4 Nd4 44. Rxc3 Nxf3 45. Rc5+ Ke6 46. Bc3
Nxh2 47. Ra5 g5 1-0

[Event "Velka cena Tabora"]
[Site "?"]
[Date "2018.07.30"]
[Round "2.5"]
[White "Chalupecky, Vladimir"]
[Black "Zeman, Matyas"]
[Result "1/2-1/2"]
[WhiteElo "1943"]
[BlackElo "2181"]
[PlyCount "55"]
[EventDate "2018.??.??"]

1. e4 c5 2. Nf3 Nc6 3. d4 cxd4 4. Nxd4 g6 5. Be3 Bg7 6. Nc3 Nf6 7. Be2 O-O 8.
Qd2 e6 9. f4 d5 10. e5 Nd7 11. h4 Nxd4 12. Bxd4 f6 13. exf6 Bxf6 14. g3 e5 15.
fxe5 Nxe5 16. O-O-O Bf5 17. Bxe5 Bxe5 18. Qxd5+ Qxd5 19. Nxd5 Be4 20. Rhf1 Rxf1
21. Bxf1 Bf3 22. Rd3 Bxd5 23. Rxd5 Bxg3 24. Bc4 Kh8 25. h5 gxh5 26. Rxh5 Bf4+
27. Kd1 Rd8+ 28. Rd5 1/2-1/2

[Event "Velka cena Tabora"]
[Site "?"]
[Date "2018.07.30"]
[Round "2.6"]
[White "Nehyba, Martin"]
[Black "Hasek, Vaclav"]
[Result "1-0"]
[WhiteElo "2163"]
[BlackElo "1913"]
[PlyCount "75"]
[EventDate "2018.??.??"]

1. e4 Nf6 2. Nc3 d5 3. exd5 Nxd5 4. Bc4 e6 5. Nge2 Be7 6. O-O Nxc3 7. Nxc3 c5
8. d3 O-O 9. Be3 Nc6 10. Ne4 b6 11. f4 Nd4 12. c3 Nf5 13. Qe2 Bb7 14. Rad1 Qc7
15. Bf2 Nd6 16. Bb3 Nxe4 17. dxe4 Rad8 18. Bg3 Rxd1 19. Rxd1 Qc6 20. f5 exf5
21. exf5 c4 22. Bxc4 Bc5+ 23. Kh1 Re8 24. Qf1 Qc8 25. h3 Re3 26. Kh2 Rxg3 27.
Kxg3 Qc7+ 28. Kg4 h5+ 29. Kxh5 g6+ 30. Kg4 Bc8 31. Qf4 Bxf5+ 32. Kf3 Qc6+ 33.
Bd5 Qf6 34. g4 Qh4 35. gxf5 Qf2+ 36. Kg4 Qe2+ 37. Bf3 gxf5+ 38. Qxf5 1-0

[Event "Velka cena Tabora"]
[Site "?"]
[Date "2018.07.30"]
[Round "2.7"]
[White "Christen, Pierre"]
[Black "Chval, Zdenek"]
[Result "0-1"]
[WhiteElo "1923"]
[BlackElo "2138"]
[PlyCount "38"]
[EventDate "2018.??.??"]

1. c4 Nf6 2. g3 g6 3. Bg2 Bg7 4. Nc3 O-O 5. d3 d6 6. Nf3 e5 7. e4 Nc6 8. O-O
Nd7 9. Nd5 Nc5 10. Be3 Ne6 11. Qd2 f5 12. b4 f4 13. gxf4 exf4 14. Nxf4 Nxf4 15.
d4 Nxg2 16. Kxg2 Bg4 17. Ne1 Qh4 18. Kg1 Bh3 19. Ng2 Qxe4 0-1

[Event "Velka cena Tabora"]
[Site "?"]
[Date "2018.07.30"]
[Round "2.8"]
[White "Bukowska, Katarzyna"]
[Black "den Boer, Lennard"]
[Result "0-1"]
[WhiteElo "1921"]
[BlackElo "2112"]
[PlyCount "64"]
[EventDate "2018.??.??"]

1. e4 e6 2. d4 d5 3. Nd2 Nf6 4. e5 Nfd7 5. c3 c5 6. Bd3 Nc6 7. Ngf3 cxd4 8.
cxd4 f6 9. exf6 Nxf6 10. O-O Bd6 11. Re1 O-O 12. Nf1 Qc7 13. Bg5 h6 14. Bh4 Bd7
15. Rc1 Qb8 16. Bb1 Bf4 17. Ne3 Qd6 18. Bxf6 Rxf6 19. Ng4 Rff8 20. Qd3 Rf5 21.
Rxc6 bxc6 22. Nh4 Qb4 23. Rd1 Qxb2 24. Nxf5 exf5 25. g3 Bd6 26. Re1 Qb4 27. Re3
fxg4 28. Qh7+ Kf7 29. Qg6+ Kf8 30. Qh7 Re8 31. Qh8+ Kf7 32. Rxe8 Qxb1+ 0-1

[Event "Velka cena Tabora"]
[Site "?"]
[Date "2018.07.30"]
[Round "2.9"]
[White "Popelka, Oldrich"]
[Black "Masek, Jan"]
[Result "1-0"]
[WhiteElo "2110"]
[BlackElo "1909"]
[PlyCount "45"]
[EventDate "2018.??.??"]

1. c4 Nf6 2. g3 e5 3. Bg2 d5 4. cxd5 Nxd5 5. Nc3 c6 6. Nf3 Nxc3 7. bxc3 Nd7 8.
d3 Be7 9. O-O O-O 10. a4 Re8 11. a5 Rb8 12. Qc2 c5 13. Be3 b6 14. axb6 axb6 15.
c4 Bb7 16. Ra7 Bc6 17. Rfa1 Bf6 18. Nd2 e4 19. R1a3 exd3 20. Rxd3 Rb7 21. Rxb7
Bxb7 22. Bxb7 Qc7 23. Bd5 1-0

[Event "Velka cena Tabora"]
[Site "?"]
[Date "2018.07.30"]
[Round "2.10"]
[White "Krbusik, Marian"]
[Black "Mulenko, Alexander"]
[Result "1/2-1/2"]
[WhiteElo "1886"]
[BlackElo "2109"]
[PlyCount "41"]
[EventDate "2018.??.??"]

1. d4 Nf6 2. c4 e6 3. a3 c5 4. e3 b6 5. Nf3 Bb7 6. Nc3 d6 7. Be2 Nbd7 8. O-O
Be7 9. b4 O-O 10. Bb2 Ne4 11. Rc1 Rc8 12. Nxe4 Bxe4 13. Nd2 Bg6 14. Nb3 Bf6 15.
Qd2 Qe7 16. Bf3 Rfd8 17. Rfd1 h6 18. Qe2 Bh7 19. g3 e5 20. dxe5 dxe5 21. Bg4
1/2-1/2

[Event "Velka cena Tabora"]
[Site "?"]
[Date "2018.07.29"]
[Round "1.21"]
[White "Hanzl, Tadeas"]
[Black "Zilavy, Jan"]
[Result "0-1"]
[WhiteElo "1614"]
[BlackElo "2030"]
[PlyCount "32"]
[EventDate "2018.??.??"]

1. e4 e6 2. d4 d5 3. Bd3 c5 4. exd5 Qxd5 5. Nc3 Qd8 6. Nf3 Nc6 7. Be3 cxd4 8.
Nxd4 Bd7 9. O-O Nf6 10. Bb5 Bb4 11. Bg5 Nxd4 12. Qxd4 Bxc3 13. Qxd7+ Nxd7 14.
Bxd8 Bxb2 15. Bxd7+ Kxd7 16. Rfd1+ Kc6 0-1

[Event "Velka cena Tabora"]
[Site "?"]
[Date "2018.07.29"]
[Round "1.22"]
[White "Brom, Jiri"]
[Black "Zimovcak, Zdenek"]
[Result "1-0"]
[WhiteElo "2009"]
[BlackElo "1609"]
[PlyCount "51"]
[EventDate "2018.??.??"]

1. e4 e5 2. Nf3 Nc6 3. Bb5 Nge7 4. c3 a6 5. Ba4 b5 6. Bb3 h6 7. O-O d6 8. h3
Bb7 9. d4 g6 10. d5 Nb8 11. a4 c6 12. dxc6 Nbxc6 13. axb5 axb5 14. Rxa8 Qxa8
15. Qd3 Qb8 16. Rd1 Ng8 17. Na3 Na5 18. Bd5 Bxd5 19. Qxd5 Nf6 20. Qd3 Nb3 21.
Be3 g5 22. Nxb5 Be7 23. Nxd6+ Bxd6 24. Qxd6 Qxd6 25. Rxd6 Nxe4 26. Rb6 1-0

[Event "Velka cena Tabora"]
[Site "?"]
[Date "2018.07.29"]
[Round "1.23"]
[White "Petr, Josef"]
[Black "Rolinek, Dominik"]
[Result "0-1"]
[WhiteElo "1608"]
[BlackElo "2004"]
[PlyCount "36"]
[EventDate "2018.??.??"]

1. d4 d5 2. Nf3 Nf6 3. c4 e6 4. Nc3 c6 5. e3 Nbd7 6. Bd3 dxc4 7. Bxc4 b5 8. Bd3
a6 9. O-O c5 10. b3 Bb7 11. dxc5 Bxf3 12. Qxf3 Ne5 13. Qg3 Nxd3 14. Rd1 Bxc5
15. Qf3 O-O 16. Ne4 Nxe4 17. Qxe4 Nxf2 18. Rxd8 Nxe4 0-1

[Event "Velka cena Tabora"]
[Site "?"]
[Date "2018.07.29"]
[Round "1.24"]
[White "Kubin, Petr"]
[Black "Novak, Rudolf"]
[Result "1-0"]
[WhiteElo "1998"]
[BlackElo "1584"]
[PlyCount "104"]
[EventDate "2018.??.??"]

1. e4 c5 2. Nf3 d6 3. d4 cxd4 4. Nxd4 Nf6 5. Nc3 e6 6. Bg5 Be7 7. Qd2 O-O 8. f4
a6 9. O-O-O b5 10. Bd3 Bb7 11. a3 Nc6 12. Nf3 b4 13. axb4 Nxb4 14. e5 dxe5 15.
fxe5 Nfd5 16. Bxe7 Qxe7 17. Nxd5 Bxd5 18. Qf4 Nxd3+ 19. Rxd3 Rac8 20. Rhd1 Bxf3
21. Rxf3 Qc5 22. c3 Qb5 23. Rf2 a5 24. Rd4 Ra8 25. g4 f6 26. exf6 Rxf6 27. Qe3
Rxf2 28. Qxf2 e5 29. Qg2 Qe8 30. Qd5+ Kf8 31. Re4 Rd8 32. Qc5+ Kf7 33. Rxe5 Qd7
34. Qf2+ Kg8 35. Qe2 Qc6 36. Re7 a4 37. Qe6+ Qxe6 38. Rxe6 Ra8 39. Kb1 Kf7 40.
Re4 Ra7 41. Ka2 Kf6 42. h4 g6 43. Ka3 h5 44. gxh5 g5 45. hxg5+ Kxg5 46. Rxa4
Rb7 47. Ra5+ Kf4 48. h6 Ke4 49. Rh5 Rh7 50. b4 Kd3 51. Kb3 Re7 52. Rh3+ Ke4 1-0

[Event "Velka cena Tabora"]
[Site "?"]
[Date "2018.07.29"]
[Round "1.25"]
[White "Herynek, Petr"]
[Black "Nagy, Ladislav"]
[Result "0-1"]
[WhiteElo "1566"]
[BlackElo "1996"]
[PlyCount "104"]
[EventDate "2018.??.??"]

1. Nf3 Nf6 2. g3 g6 3. Bg2 Bg7 4. O-O O-O 5. d3 d6 6. Nbd2 c5 7. e4 Nc6 8. c3
e5 9. Re1 Rb8 10. a4 a6 11. Nf1 Re8 12. Bg5 h6 13. Bxf6 Bxf6 14. Ne3 Be6 15.
Qd2 Bg7 16. Qc2 Qd7 17. Nd2 Rf8 18. Nd5 Rbc8 19. Rf1 f5 20. f4 Kh7 21. Rf2 Ne7
22. Raf1 Nxd5 23. exd5 Bf7 24. h3 Kg8 25. Qd1 b5 26. axb5 axb5 27. g4 fxg4 28.
hxg4 exf4 29. Rxf4 Qb7 30. Qf3 Be5 31. c4 Bxf4 32. Qxf4 Qe7 33. Ne4 Kg7 34.
Qxd6 bxc4 35. dxc4 Qxd6 36. Nxd6 Rb8 37. Nxf7 Rxf7 38. Rxf7+ Kxf7 39. Kh2 Rxb2
40. Kg3 Kf6 41. Kf3 Ke5 42. Bf1 Rb3+ 43. Kf2 Kf4 44. Be2 Rb2 45. Ke1 Ke3 46.
Bd1 Rb1 47. d6 Rb6 48. d7 Rd6 49. Bc2 Rxd7 50. Bxg6 Rd4 51. Bf7 Rxg4 52. Kd1
Kd3 0-1

[Event "Velka cena Tabora"]
[Site "?"]
[Date "2018.07.29"]
[Round "1.26"]
[White "Svetly, Jiri"]
[Black "Trcka, Bohdan"]
[Result "1-0"]
[WhiteElo "1985"]
[BlackElo "1564"]
[PlyCount "109"]
[EventDate "2018.??.??"]

1. d4 d6 2. e4 b6 3. c4 e6 4. Nc3 Be7 5. f4 g5 6. fxg5 Bxg5 7. Nf3 Bxc1 8. Rxc1
h6 9. Be2 c5 10. dxc5 dxc5 11. Qxd8+ Kxd8 12. Ne5 Rh7 13. O-O Ke7 14. Nb5 a6
15. Nc3 Bb7 16. Bh5 Nf6 17. Bxf7 Nxe4 18. Ng6+ Kd6 19. Rcd1+ Kc7 20. Nf8 Nxc3
21. Nxe6+ Kc6 22. Nd8+ Kc7 23. bxc3 Bc8 24. Rf6 Bd7 25. Bd5 Ra7 26. Nf7 Nc6 27.
Bxc6 Bxc6 28. Rdd6 Be4 29. Nxh6 Rg7 30. g4 Rb7 31. Rde6 Bb1 32. a3 b5 33. Rc6+
Kb8 34. Rxc5 bxc4 35. Rxc4 Rb3 36. Rb4+ Rb7 37. Rff4 Bd3 38. Rxb7+ Rxb7 39. Rb4
Bb5 40. c4 Bxc4 41. Rxc4 Rh7 42. Nf5 Kb7 43. g5 Rh5 44. h4 Kb6 45. Rf4 Ka5 46.
g6 Rh8 47. g7 Rc8 48. Ne7 Rc1+ 49. Rf1 Rc4 50. g8=Q Rxh4 51. Qd5+ Ka4 52. Qc6+
Kb3 53. Rb1+ Ka2 54. Qc2+ Kxa3 55. Qb3# 1-0

[Event "Velka cena Tabora"]
[Site "?"]
[Date "2018.07.29"]
[Round "1.27"]
[White "Kukacka, Ladislav"]
[Black "Odehnal, Jaroslav"]
[Result "1/2-1/2"]
[WhiteElo "1549"]
[BlackElo "1974"]
[PlyCount "82"]
[EventDate "2018.??.??"]

1. d4 Nf6 2. c4 g6 3. Nc3 Bg7 4. e4 d6 5. Nf3 Nbd7 6. Be2 O-O 7. O-O e5 8. dxe5
dxe5 9. Bg5 c6 10. Qd2 Qc7 11. h3 Nc5 12. Qe3 Ne6 13. Bxf6 Bxf6 14. Rac1 Nf4
15. Rfd1 Be6 16. Nd5 Nxe2+ 17. Qxe2 Qd8 18. Nxf6+ Qxf6 19. Rd6 Qe7 20. Rcd1 f6
21. b3 Rfd8 22. Rxd8+ Rxd8 23. Rxd8+ Qxd8 24. Qe3 b6 25. Kh2 Kg7 26. g4 h6 27.
Qc3 Qd6 28. Kg2 c5 29. Qd2 Qxd2 30. Nxd2 f5 31. f3 fxg4 32. fxg4 Kf6 33. Nf1 h5
34. gxh5 gxh5 35. h4 Bg4 36. Ne3 Be2 37. Nd5+ Ke6 38. Kf2 Bd3 39. Ke3 Bf1 40.
Nc7+ Kd7 41. Nb5 Ke6 1/2-1/2

[Event "Velka cena Tabora"]
[Site "?"]
[Date "2018.07.29"]
[Round "1.28"]
[White "Bartos, Alois"]
[Black "Rolinkova, Lucie"]
[Result "1-0"]
[WhiteElo "1971"]
[BlackElo "1540"]
[PlyCount "67"]
[EventDate "2018.??.??"]

1. e4 c5 2. Nf3 d6 3. d4 cxd4 4. Nxd4 Nf6 5. Nc3 a6 6. f3 e6 7. Be3 Be7 8. Qd2
b5 9. O-O-O Bb7 10. g4 h6 11. h4 Nbd7 12. Rg1 Nb6 13. g5 hxg5 14. hxg5 Nfd7 15.
g6 Ne5 16. gxf7+ Kxf7 17. Qg2 Bf6 18. Bf4 Qe7 19. Bxe5 Bxe5 20. Qg6+ Kg8 21.
Qxe6+ Qxe6 22. Nxe6 Kf7 23. Ng5+ Kf6 24. Nh3 g5 25. Nf2 Bf4+ 26. Kb1 Rad8 27.
Ne2 d5 28. Nxf4 gxf4 29. Bd3 Nc4 30. exd5 Ne3 31. Ng4+ Nxg4 32. Rxg4 Bxd5 33.
Rxf4+ Ke6 34. Re1+ 1-0

[Event "Velka cena Tabora"]
[Site "?"]
[Date "2018.07.29"]
[Round "1.29"]
[White "Stastna, Martina"]
[Black "Chalupecky, Vladimir"]
[Result "0-1"]
[WhiteElo "1531"]
[BlackElo "1943"]
[PlyCount "128"]
[EventDate "2018.??.??"]

1. e4 d6 2. d4 Nf6 3. Nc3 Nbd7 4. Nf3 e5 5. Bg5 Be7 6. Bc4 c6 7. O-O b5 8. Bd3
b4 9. Ne2 Qc7 10. Ng3 Nf8 11. Nf5 Bxf5 12. exf5 N8d7 13. Re1 O-O 14. dxe5 dxe5
15. Nd2 Nd5 16. Ne4 f6 17. Bd2 a5 18. Bc4 N7b6 19. Bf1 Rfd8 20. Qg4 Kh8 21.
Rad1 Bf8 22. c4 bxc3 23. Nxc3 Nxc3 24. Bxc3 Nd5 25. Bd2 Bb4 26. Bc4 Qb6 27. Qf3
Bxd2 28. Rxd2 Qb4 29. Qd3 Rd6 30. Red1 Rad8 31. Qb3 Kg8 32. Kf1 Kf8 33. Qxb4
axb4 34. Rc1 Nb6 35. Rdc2 Ke7 36. Be6 Rd1+ 37. Rxd1 Rxd1+ 38. Ke2 Rd6 39. Kf3
Kd8 40. Ke3 Kc7 41. a3 bxa3 42. bxa3 Rd4 43. f3 Kd6 44. Rd2 Nd5+ 45. Bxd5 Rxd2
46. Kxd2 cxd5 47. Kd3 Kc5 48. g4 Kb5 49. h4 h6 50. Ke3 Ka4 51. f4 e4 52. g5
Kxa3 53. h5 Kb3 54. gxh6 gxh6 55. Kd4 Kc2 56. Kxd5 e3 57. Ke6 e2 58. Kxf6 e1=Q
59. Kg6 Qg3+ 60. Kxh6 Qxf4+ 61. Kg6 Qg4+ 62. Kf6 Qxh5 63. Ke6 Qe8+ 64. Kd6 Qf7
0-1

[Event "Velka cena Tabora"]
[Site "?"]
[Date "2018.07.29"]
[Round "1.30"]
[White "Cieslak, Leszek"]
[Black "Kral, Ladislav"]
[Result "1-0"]
[WhiteElo "1926"]
[BlackElo "1500"]
[PlyCount "27"]
[EventDate "2018.??.??"]

1. e4 e6 2. d4 d5 3. Nc3 Nf6 4. e5 Nfd7 5. f4 c5 6. Nf3 Nc6 7. Be3 cxd4 8. Nxd4
Nxd4 9. Bxd4 Bc5 10. Bxc5 Nxc5 11. Qd4 Qb6 12. O-O-O Bd7 13. Be2 Na4 14. Nxa4
1-0